1493 1436 1135 1860 1646 1132 1553 1781 1510 1984 1324 1642 1343 1936 1370 1546 1237 1811 1584 1358 1257 1030 1408 1081 1633 1518 1371 1447 1973 1461 1434 1205 1990 1043 1685 1804 1893 1752 1645 1220 1898 1234 1898 1983 1063 1213 1451 1168 1433 1015 1614 1060 1653 1808 1646 1576 1766 1813 1491 1534 1239 1051 1165 1132 1432 1717 1967 1553 1590 1918 1389 1780 1303 1819 1387 1349 1100 1317 1621 1864 1596 1100 1359 1182 1014 1185 1594 1558 1557 1691 1729 1570 1441 1094 1336 1115 1540 1495 1869 BCNSPRNW ULIB Ver.6.0+V

เปลี่ยนเป็นภาษาไทย

Change to English
 แสดงรายละเอียดบรรณานุกรม
  กลับหน้าหลัก

Brief Record : Get Marc (ISO 2709) : E-mail record : QR code < ปิดหน้าต่าง
LEADER : 00000nam 2200000uu 4500
001    13399128666
003     ULIB
008    230928s||||||||th 000 0 tha d
020    ^a9786163813114
060    ^aWS440^bท521ต
110    ^aทีมวิชาการ Life Balance
245    ^aตี๋น้อยติดมือถือ
250    ^aพิมพ์ครั้งที่ 1
260    ^aกรุงเทพฯ :^bLife Balance,^cม.ป.ป.
300    ^a24 หน้า;^c19 ซม.
650    ^aนิทานเด็ก
650    ^aเด็ก-พัฒนาการ
945    ^p0^l0^i30038
999    ^aกัณชพร จุลอักษร
รายการนี้ยังไม่มีแท็ก
คุณยังไม่ได้ล็อกอิน คุณสามารถมีกิจกรรมร่วมกับเว็บไซต์ได้ แต่ต้องล็อกอินก่อน ::
  ล็อกอิน

รายการสื่อสารสนเทศ

ลำดับที่ ประเภท เลขเรียก/บาร์โค้ด สถานที่ สถานะ
1. วิทยาศาสตร์การแพทย์ และสุขภาพ
วิทยาศาสตร์การแพทย์ และสุขภาพ
WS440 ท521ต ฉ.1 
  Barcode: 30038
ห้องสมุดวิทยาเขตนครสวรรค์
►หนังสือทั่วไป:l:General Books
บนชั้น

รายการใกล้เคียง
    ชื่อเรื่อง [ตี๋น้อยติดมือถือ]

    หัวเรื่อง [นิทานเด็ก]
    หัวเรื่อง [เด็ก-พัฒนาการ]

BibComment


ยังไม่เคยถูกคอมเมนท์

คอมเมนท์ทรัพยากรรายการนี้
  คอมเมนท์: ตี๋น้อยติดมือถือ


 Copyright 2026. Bcnsprnw @Library